00432nam a2200157Ia 450000500170000000800460001703700290006304000200009204100130011208400240012510000220014924500250017126000570019630000090025349000120026220250508151637.0008 250505s9999 xx 000 0 eng d aBooks to be hide in OPAC aFEDLbengcFEDL aeng2eng a759.06, DEG/OqFEDL aDegener H Schmidt 0a20th century Vol. 10 aLondon, UKbEnglish Universities Press Limitedc1955 a51p. vVol. 10